Tiếng cười từ kho tàng ca dao người Việt

Tập sách "Tiếng cười từ kho tàng ca dao người Việt" gồm 2 phần: Phần 1: "Tìm hiểu tiếng cười từ mảng ca dao cười của kho tàng ca dao người Việt:; Phần 2: "Tuyển chọn các bài ca dao cười (sắp xếp theo hệ thống phân loạ...

Volledige beschrijving

Bewaard in:
Bibliografische gegevens
Hoofdauteur: Triều Nguyên
Formaat: Boek
Taal:Undetermined
Gepubliceerd in: Hà Nội Đại học Quốc gia Hà Nội 2010
Onderwerpen:
Tags: Voeg label toe
Geen labels, Wees de eerste die dit record labelt!
Thư viện lưu trữ: Trung tâm Học liệu Trường Đại học Cần Thơ
LEADER 01253nam a2200193Ia 4500
001 CTU_165401
008 210402s9999 xx 000 0 und d
082 |a 398.209597 
082 |b Tr309 
100 |a Triều Nguyên 
245 0 |a Tiếng cười từ kho tàng ca dao người Việt 
245 0 |c Triều Nguyên 
260 |a Hà Nội 
260 |b Đại học Quốc gia Hà Nội 
260 |c 2010 
520 |a Tập sách "Tiếng cười từ kho tàng ca dao người Việt" gồm 2 phần: Phần 1: "Tìm hiểu tiếng cười từ mảng ca dao cười của kho tàng ca dao người Việt:; Phần 2: "Tuyển chọn các bài ca dao cười (sắp xếp theo hệ thống phân loại trên cơ sở nội dung và cấp độ của cái hài)". Phần này là chỗ dựa của phần kia và ngược lại. 
650 |a Verse satire, Vietnamese,Vietnamese wit and humor,Folk poetry, Vietnamese,Thơ châm biếm của người Việt,Hài hước và dí dỏm người Việt Nam,Ca dao người Việt 
904 |i Năm 
980 |a Trung tâm Học liệu Trường Đại học Cần Thơ